Sensors and Actuators A. Physical

Uložené v:
Podrobná bibliografia
Médium: Seriál
Vydavateľské údaje: 1999
Tagy: Pridať tag
Žiadne tagy, Buďte prvý, kto otaguje tento záznam!

MARC

LEADER 00000nas a22000003a 4500
001 stu69710
005 20141121234806.5
008 011106s1999----------------------------d
040 |a STU  |b slo 
041 0
245 |a Sensors and Actuators A. Physical 
260 |c 1999 
500 |a 21 
500 |a 1-3 
773 0 |t Sensors and Actuators A. Physical  |w stu_us_cat*stu60278  |x 0924-4247  |7 nnas 
996 |d Vol. A72, 1999  |v Vol. A72  |y 1999  |l EE0103  |s A  |a 24  |w stu69710_0001